000 00546nam a2200217 4500
003 OSt
005 20260530115304.0
008 260505b1966 enka|||| |||| 00| 0 eng d
040 _aICI
_bspa
_cICI
041 _aeng
050 _aNC997
_bG36
100 1 _aGarland, Ken,
_eautor
_931670
245 1 0 _aGraphics handbook
264 1 _bLondon :
_bStudio vista,
_c1966
300 _a95 páginas
336 _atexto
_2rdacontent
337 _asin medio
_2rdamedia
338 _avolumen
_2rdacarrier
650 4 _aArte comercial
942 _2lcc
_cBK
_n1
999 _c13000
_d13000